000 00201nam a22000857a 4500
008 160805b xxu||||| |||| 00| 0 eng d
100 _937
_aBenton J
245 _aCarmen
260 _aUSA
_bMacMillan Publication
999 _c2688
_d2688